Prénoms de Reines et de Princesses - Statistiques

Statistiques générales
  • Ce quiz a été pris 178 fois
    171 depuis la dernière actualisation
  • Le résultat moyen est 12 sur 38
Statistiques - réponses
Réponse % Correct
Marie
84%
Elisabeth
83%
Anne
73%
Catherine
61%
Jeanne
54%
Louise
53%
Marie-Antoinette
53%
Charlotte
51%
Aliénor
48%
Victoria
47%
Marguerite
45%
Isabelle
44%
Blanche
38%
Joséphine
36%
Marie-Thérèse
34%
Diana
32%
Eléonore
30%
Eugénie
28%
Berthe
27%
Claude
26%
Mathilde
23%
Adélaïde
20%
Sofia
17%
Adèle
16%
Clémence
16%
Clotilde
15%
Constance
15%
Stéphanie
14%
Agnès
13%
Caroline
13%
Anastasia
11%
Alexandra
10%
Astrid
8%
Charlène
7%
Letizia
7%
Grace
6%
Suzanne
5%
Bertrade
3%
Aucun quiz correspondant
Distribution des résultats
% des personnes avec chaque résultat
Percentile par nombre de réponses
Votre historique - résultats
Vous n’avez pas pris ce quiz depuis la dernière actualisation